| 000 | 00621nam a2200217Ia 4500 | ||
|---|---|---|---|
| 005 | 20220721091259.0 | ||
| 008 | 210716s2008 xx 000 0 und d | ||
| 020 | _a9788126517572 | ||
| 040 | _cAIMIT LIBRARY | ||
| 041 | _aeng | ||
| 082 |
_a519.23 _22 _bROSS |
||
| 100 |
_aRoss, Sheldon M. _952074 |
||
| 245 |
_aStochastic processes / _cBy Sheldon M ROss. |
||
| 250 | _a2nd ed. | ||
| 260 |
_aNew Delhi : _bWiley India Pvt Ltd , _c2008. |
||
| 300 |
_axv,510p. ; _c23 cm. |
||
| 650 |
_aPreliminaries _952075 |
||
| 650 |
_aRenewal theory _952076 |
||
| 650 |
_aRandom walks _952077 |
||
| 942 |
_2ddc _cBK _e2nd _k519.23 ROSS |
||
| 999 |
_c188826 _d188826 |
||